| 000 | 00979nam a2200265 i 4500 | ||
|---|---|---|---|
| 003 | EG-ScBUE | ||
| 005 | 20240103114024.0 | ||
| 008 | 110914q1986 ua o f 000 0 ara d | ||
| 017 | _a86 / 5169 | ||
| 040 |
_aEG-ScBUE _bara _erda _cEG-ScBUE _dEG-ScBUE |
||
| 043 | _af-ua--- | ||
| 082 | 0 | 4 |
_222 _a962.15 _bر ز ق |
| 100 | 1 |
_927176 _aرزق، فتحي، _eمؤلف. |
|
| 245 | 1 | 0 |
_aجسر على قناة السويس : _bثلاثية الحب والحرب / _cفتحي رزق. |
| 250 | _aالطبعة الأولى. | ||
| 264 | 1 |
_a[القاهرة] : _bفتحي رزق، _c[1986?] |
|
| 300 |
_a484 صفحة : _bصور ؛ _c24 سم |
||
| 336 |
_2rdacontent _aنص _btxt |
||
| 337 |
_aبدون وسيط _2rdamedia _bn |
||
| 338 |
_aمجلد _bnc _2rdacarrier |
||
| 650 | 7 |
_914953 _aحرب أكتوبر 1973م _zمصر. _2BUEsh |
|
| 651 | 7 |
_914954 _aمصر _xتاريخ _yالعصر الحديث _yأنور السادات (1970-1981). _2BUEsh |
|
| 655 | _vReading book | ||
| 942 |
_2ddc _cBB |
||
| 999 |
_c16036 _d16036 |
||